Statistics for 15 Most populated US States

Click here to take the quiz!

General Stats

  • This quiz has been taken 45 times
  • The average score is 14 of 15

Answer Stats

PopulationStates% Correct
39.2MCalifornia
100%
21.8MFlorida
100%
19.8MNew York
100%
29.5MTexas
100%
12.7MIllinois
95%
10.8MOhio
95%
13MPennsylvania
95%
11.8MGeorgia
92%
7MMassachusetts
86%
10.6MNorth Carolina
86%
8.6MVirginia
86%
7.7MWashington
86%
10.0MMichigan
84%
9.3MNew Jersey
84%
7.3MArizona
81%

Score Distribution

Percentile by Number Answered

Percent of People with Each Score

Your Score History

You have not taken this quiz